000
00302nam a22001217a 4500
040
_c
HS
082
_a
664
100
_a
ឯក សុភាព
245
_a
Food engineering I វិស្វកម្មអាហារ១
260
_a
RUA
_b
ឯក សុភាព
_c
2008
300
_a
NA
942
_c
KB
999
_c
10123
_d
10123